Plant composition as a guide to the availability of soil nutrients (Record no. 45328)

MARC details
000 -LEADER
fixed length control field 00422nam a2200145Ia 4500
100 ## - MAIN ENTRY--AUTHOR NAME
Personal name Salter Robert M
245 #0 - TITLE STATEMENT
Title Plant composition as a guide to the availability of soil nutrients
260 ## - PUBLICATION, DISTRIBUTION, ETC. (IMPRINT)
Name of publisher Journal of the American Society of Agronomy
Year of publication 1928
300 ## - PHYSICAL DESCRIPTION
Number of Pages 808-836
650 ## - SUBJECT ADDED ENTRY--TOPICAL TERM
Topical Term Plant composition
650 ## - SUBJECT ADDED ENTRY--TOPICAL TERM
Topical Term Soil nutrients
700 ## - ADDED ENTRY--PERSONAL NAME
Personal name Ames J W
942 ## - ADDED ENTRY ELEMENTS (KOHA)
Koha item type Reprints
Holdings
Withdrawn status Lost status Damaged status Not for loan Home library Current library Shelving location Date acquired Serial Enumeration / chronology Accession Number Koha item type
      Reprints RRII Library RRII Library Agronomy 22/12/2021 Volume 20, Issue P00063 Reprints